Países que contienen la letra I - Estadísticas

Estadísticas generales
  • Esta prueba ha sido intentada 25 veces
  • La puntuación promedio es 104 de 126
Estadísticas de respuestas
País % Correcto
Arabia Saudita
100%
Argentina
100%
Austria
100%
Brasil
100%
Colombia
100%
Afganistán
95%
Bielorrusia
95%
Chile
95%
Estados Unidos
95%
Estonia
95%
Francia
95%
Haití
95%
India
95%
Indonesia
95%
Irlanda
95%
Islandia
95%
Nicaragua
95%
Rusia
95%
Albania
91%
Australia
91%
Bolivia
91%
Chipre
91%
Costa Rica
91%
Croacia
91%
Egipto
91%
Emiratos Árabes Unidos
91%
Filipinas
91%
Grecia
91%
Kuwait
91%
Lituania
91%
México
91%
República Dominicana
91%
San Cristóbal y Nieves
91%
Vietnam
91%
Argelia
86%
Bosnia y Herzegovina
86%
China
86%
Ciudad del Vaticano
86%
Dinamarca
86%
Dominica
86%
Italia
86%
Kirguistán
86%
Letonia
86%
Mauricio
86%
Mauritania
86%
Polonia
86%
Reino Unido
86%
República Checa
86%
Santa Lucía
86%
San Vicente y las Granadinas
86%
Serbia
86%
Suiza
86%
Surinam
86%
Turquía
86%
Antigua y Barbuda
82%
Armenia
82%
Eritrea
82%
Eslovaquia
82%
Eslovenia
82%
Estados Federados de Micronesia
82%
Esuatini
82%
Etiopía
82%
Finlandia
82%
Irak
82%
Iran
82%
Islas Marshall
82%
Islas Salomón
82%
Israel
82%
Jordania
82%
Kenia
82%
Maldivas
82%
Mongolia
82%
Mozambique
82%
Singapur
82%
Sudáfrica
82%
Tayikistán
82%
Ucrania
82%
Belice
77%
Benín
77%
Bulgaria
77%
Burkina Faso
77%
Fiyi
77%
Gambia
77%
Georgia
77%
Guinea
77%
Hungría
77%
Jamaica
77%
Libia
77%
Namibia
77%
Níger
77%
Nigeria
77%
Países Bajos
77%
Rumanía
77%
San Marino
77%
Sierra Leona
77%
Somalia
77%
Tailandia
77%
Taiwán
77%
Trinidad y Tobago
77%
Turkmenistán
77%
Uzbekistán
77%
Yibuti
77%
Burundi
73%
Guinea-Bissau
73%
Guinea Ecuatorial
73%
Kazajistán
73%
Kiribati
73%
Líbano
73%
Liberia
73%
República del Congo
73%
República Democrática del Congo
73%
Santo Tomé y Príncipe
73%
Zimbabue
73%
Baréin
68%
Costa de Marfil
68%
Liechtenstein
68%
Malasia
68%
República Centroafricana
68%
Siria
68%
Zambia
68%
Malaui
64%
Papúa Nueva Guinea
64%
Sri Lanka
64%
Timor Oriental
64%
Azerbaiyán
59%
No se encontraron pruebas coincidentes
Distribución de puntuación
Porcentaje de gente con cada puntuación
Porcentaje por número respondido
Historial de tus puntuaciones
No has intentado esta prueba.